Účelový elektrojiskrový řezací stroj

Bibliographic Details
Main Authors: Dušek, František, 1956- (Author), Seidl, Ctibor (Author), Prokop, Mojmír (Author)
Format: Article
Language:Czech
PhysicalDescription:Obr. 1. Sch. 3., lit. 3 zázn. v češ.
Subjects:

MARC

LEADER 00000nab a2200000 a 4500
001 vtls000225733
003 SK-MaSNL
005 20260304002153.0
008 160201c1984 xo 0 cze
015 |a SNBRA19rr/mm-uuuuu 
035 |a CL0235847 
040 |a SNKBUCL  |b slo  |c SNKBUCL  |e AACR2 
041 0 |a cze 
044 |a xo  |c SK 
080 |a 621.791.947.035-5  |2 1981 
100 1 |a Dušek, František,  |d 1956-  |4 aut  |9 208892 
245 1 0 |a Účelový elektrojiskrový řezací stroj  |c František Dušek, Ctibor Seidl, Mojmír Prokop 
300 |b Obr. 1. Sch. 3., lit. 3 zázn. v češ. 
650 0 7 |a stroje rezacie elektroiskrové  |2 snkbucl  |9 942240 
650 0 7 |a riadiace systémy  |2 snkbucl  |9 20165 
655 7 |a články zo zborníkov  |2 snkbucl  |9 166140 
700 1 |a Seidl, Ctibor  |4 aut  |9 1008495 
700 1 |a Prokop, Mojmír  |4 aut  |9 459223 
773 0 |t Konštrukcia jednoúčelových a viacúčelových obrábacích strojov s využitím čs. riadiacej elektroniky  |d Bratislava : dom techniky ČSVTS, 1984  |g S. 135-140 
850 |a Slovenská národná knižnica v Martine  |a MTA001 
852 |a SNK  |b KIS3GCP 
958 |a RK 
958 |a CZ 
992 |a RZB 
999 |c 2540479  |d 2542409